Señores que componen el Excmo. Ayuntamiento Constitucional de Barcelona
Descripción Física:
22 v. ; 16 i 10'5 cm
MARC
| LEADER | 00000nam a2200000Ia 4500 | ||
|---|---|---|---|
| 001 | 10014, 10015, 10016, 10017, 10018, 10019, 10020, 10021, 10022, 10023, 10024, 10025, 10026, 10027, 10028, 10029, 10030, 10031, 10032, 10033, 10034, 10035 | ||
| 008 | 160829s1877 - 1911 xx 000 0 cat d | ||
| 080 | |a RF-1-11, RF-1-12, RF-1-13, RF-1-14, RF-1-15, RF-1-16, RF-1-17, RF-1-18, RF-1-19, RF-1-20, RF-1-21, RF-1-22, RF-1-23, RF-1-24, RF-1-25, RF-1-26, RF-1-27, RF-1-28, RF-1-29, RF-1-30, RF-1-31, RF-1-32 | ||
| 110 | 1 | |a Barcelona (Catalunya). |b Ajuntament |9 50981 | |
| 245 | |a Señores que componen el Excmo. Ayuntamiento Constitucional de Barcelona | ||
| 260 | |a Barcelona : |b (Ramirez i Henrich), |c 1877 - 1911 | ||
| 300 | |a 22 v. ; |c 16 i 10'5 cm | ||
| 610 | 1 | 0 | |a Barcelona (Catalunya). |b Ajuntament |v Directoris |9 56269 |
| 856 | 4 | |u https://media.diba.cat/diba/fitxers/arxiu/fulletons/bib_10035_1910_1911_baixa.pdf |y Anys 1910-1911 | |
| 856 | 4 | |u https://media.diba.cat/diba/fitxers/arxiu/fulletons/bib_10034_1909_baixa.pdf |y Any 1909 (juliol) | |
| 856 | 4 | |u https://media.diba.cat/diba/fitxers/arxiu/fulletons/bib_10033_1909_baixa.pdf |y Any 1909 (gener) | |
| 856 | 4 | |u https://media.diba.cat/diba/fitxers/arxiu/fulletons/bib_10032_1906_1907_baixa.pdf |y Any 1906 | |
| 856 | 4 | |u https://media.diba.cat/diba/fitxers/arxiu/fulletons/bib_10031_1904_baixa.pdf |y Any 1904 | |
| 856 | 4 | |u https://media.diba.cat/diba/fitxers/arxiu/fulletons/bib_10030_1902_baixa.pdf |y Any 1902 | |
| 856 | 4 | |u https://media.diba.cat/diba/fitxers/arxiu/fulletons/bib_10029_1901_baixa.pdf |y Any 1901 | |
| 856 | 4 | |u https://media.diba.cat/diba/fitxers/arxiu/fulletons/bib_10028_1898_baixa.pdf |y Any 1898 | |
| 856 | 4 | |u https://media.diba.cat/diba/fitxers/arxiu/fulletons/bib_10027_1897_baixa.pdf |y 1897 (novembre) | |
| 856 | 4 | |u https://media.diba.cat/diba/fitxers/arxiu/fulletons/bib_10026_1897_baixa.pdf |y 1897 (juliol) | |
| 856 | 4 | |u https://media.diba.cat/diba/fitxers/arxiu/fulletons/bib_10025_1896_baixa.pdf |y Any 1896 | |
| 856 | 4 | |u https://media.diba.cat/diba/fitxers/arxiu/fulletons/bib_10024_1895_baixa.pdf |y Any 1895 | |
| 856 | 4 | |u https://media.diba.cat/diba/fitxers/arxiu/fulletons/bib_10023_1894_baixa.pdf |y Any 1894 | |
| 856 | 4 | |u https://media.diba.cat/diba/fitxers/arxiu/fulletons/bib_10022_1893_baixa.pdf |y Any 1893 | |
| 856 | 4 | |u https://media.diba.cat/diba/fitxers/arxiu/fulletons/bib_10021_1891_1893_baixa.pdf |y Any 1891 | |
| 856 | 4 | |u https://media.diba.cat/diba/fitxers/arxiu/fulletons/bib_10020_1890_baixa.pdf |y Any 1890 | |
| 856 | 4 | |u https://media.diba.cat/diba/fitxers/arxiu/fulletons/bib_10019_1887_baixa.pdf |y Any 1887 | |
| 856 | 4 | |u https://media.diba.cat/diba/fitxers/arxiu/fulletons/bib_10018_1886_baixa.pdf |y Any 1886 | |
| 856 | 4 | |u https://media.diba.cat/diba/fitxers/arxiu/fulletons/bib_10017_1883_baixa.pdf |y Any 1883 | |
| 856 | 4 | |u https://media.diba.cat/diba/fitxers/arxiu/fulletons/bib_10016_1881_baixa.pdf |y Any 1881 | |
| 856 | 4 | |u https://media.diba.cat/diba/fitxers/arxiu/fulletons/bib_10015_1879_baixa.pdf |y Any 1879 | |
| 856 | 4 | |u https://media.diba.cat/diba/fitxers/arxiu/fulletons/bib_10014_1877_baixa.pdf |y Any 1877 | |
| 856 | 4 | |u https://media.diba.cat/diba/fitxers/arxiu/fulletons/bib_10035_1910_1911_baixa.pdf |y Anys 1910-1911 | |
| 856 | 4 | |u https://media.diba.cat/diba/fitxers/arxiu/fulletons/bib_10034_1909_baixa.pdf |y Any 1909 (juliol) | |
| 856 | 4 | |u https://media.diba.cat/diba/fitxers/arxiu/fulletons/bib_10033_1909_baixa.pdf |y Any 1909 (gener) | |
| 856 | 4 | |u https://media.diba.cat/diba/fitxers/arxiu/fulletons/bib_10032_1906_1907_baixa.pdf |y Any 1906 | |
| 856 | 4 | |u https://media.diba.cat/diba/fitxers/arxiu/fulletons/bib_10031_1904_baixa.pdf |y Any 1904 | |
| 856 | 4 | |u https://media.diba.cat/diba/fitxers/arxiu/fulletons/bib_10030_1902_baixa.pdf |y Any 1902 | |
| 856 | 4 | |u https://media.diba.cat/diba/fitxers/arxiu/fulletons/bib_10029_1901_baixa.pdf |y Any 1901 | |
| 856 | 4 | |u https://media.diba.cat/diba/fitxers/arxiu/fulletons/bib_10028_1898_baixa.pdf |y Any 1898 | |
| 856 | 4 | |u https://media.diba.cat/diba/fitxers/arxiu/fulletons/bib_10027_1897_baixa.pdf |y 1897 (novembre) | |
| 856 | 4 | |u https://media.diba.cat/diba/fitxers/arxiu/fulletons/bib_10026_1897_baixa.pdf |y 1897 (juliol) | |
| 856 | 4 | |u https://media.diba.cat/diba/fitxers/arxiu/fulletons/bib_10025_1896_baixa.pdf |y Any 1896 | |
| 856 | 4 | |u https://media.diba.cat/diba/fitxers/arxiu/fulletons/bib_10024_1895_baixa.pdf |y Any 1895 | |
| 856 | 4 | |u https://media.diba.cat/diba/fitxers/arxiu/fulletons/bib_10023_1894_baixa.pdf |y Any 1894 | |
| 856 | 4 | |u https://media.diba.cat/diba/fitxers/arxiu/fulletons/bib_10022_1893_baixa.pdf |y Any 1893 | |
| 856 | 4 | |u https://media.diba.cat/diba/fitxers/arxiu/fulletons/bib_10021_1891_1893_baixa.pdf |y Any 1891 | |
| 856 | 4 | |u https://media.diba.cat/diba/fitxers/arxiu/fulletons/bib_10020_1890_baixa.pdf |y Any 1890 | |
| 856 | 4 | |u https://media.diba.cat/diba/fitxers/arxiu/fulletons/bib_10019_1887_baixa.pdf |y Any 1887 | |
| 856 | 4 | |u https://media.diba.cat/diba/fitxers/arxiu/fulletons/bib_10018_1886_baixa.pdf |y Any 1886 | |
| 856 | 4 | |u https://media.diba.cat/diba/fitxers/arxiu/fulletons/bib_10017_1883_baixa.pdf |y Any 1883 | |
| 856 | 4 | |u https://media.diba.cat/diba/fitxers/arxiu/fulletons/bib_10016_1881_baixa.pdf |y Any 1881 | |
| 856 | 4 | |u https://media.diba.cat/diba/fitxers/arxiu/fulletons/bib_10015_1879_baixa.pdf |y Any 1879 | |
| 856 | 4 | |u https://media.diba.cat/diba/fitxers/arxiu/fulletons/bib_10014_1877_baixa.pdf |y Any 1877 | |
| 866 | |a 1877, 1879, 1881, 1883, 1886, 1887, 1890, 1891-1893, 1893, 1894, 1895, 1896, julio de 1897, noviembre de 1897, junio de 1898, 1901, 1902-1903, 1904-1905, 1906-1907, 1909, 1910-1911 | ||
| 901 | |a Arxiu | ||
| 942 | |n 1 |2 udc | ||
| 952 | |0 0 |1 0 |4 0 |6 RF111_RF112_RF113_RF114_RF115_RF116_RF117_RF118_RF119_RF120_RF121_RF122_RF123_RF124_RF125_RF126_RF127_RF128_RF129_RF130_RF131_RF132 |7 1 |9 41781 |a Arxiu |b Arxiu |d 2016-12-01 |l 0 |o RF-1-11, RF-1-12, RF-1-13, RF-1-14, RF-1-15, RF-1-16, RF-1-17, RF-1-18, RF-1-19, RF-1-20, RF-1-21, RF-1-22, RF-1-23, RF-1-24, RF-1-25, RF-1-26, RF-1-27, RF-1-28, RF-1-29, RF-1-30, RF-1-31, RF-1-32 |p 10014, 10015, 10016, |r 2016-12-01 00:00:00 |w 2016-12-01 |y ARXIU | ||
| 999 | |c 43672 |d 43672 | ||
| 900 | |a bib_10014_1877_baixa.pdf | ||
| 900 | |a bib_10015_1879_baixa.pdf | ||
| 900 | |a bib_10016_1881_baixa.pdf | ||
| 900 | |a bib_10017_1883_baixa.pdf | ||
| 900 | |a bib_10018_1886_baixa.pdf | ||
| 900 | |a bib_10019_1887_baixa.pdf | ||
| 900 | |a bib_10020_1890_baixa.pdf | ||
| 900 | |a bib_10021_1891_1893_baixa.pdf | ||
| 900 | |a bib_10022_1893_baixa.pdf | ||
| 900 | |a bib_10023_1894_baixa.pdf | ||
| 900 | |a bib_10024_1895_baixa.pdf | ||
| 900 | |a bib_10025_1896_baixa.pdf | ||
| 900 | |a bib_10026_1897_baixa.pdf | ||
| 900 | |a bib_10027_1897_baixa.pdf | ||
| 900 | |a bib_10028_1898_baixa.pdf | ||
| 900 | |a bib_10029_1901_baixa.pdf | ||
| 900 | |a bib_10031_1904_baixa.pdf | ||
| 900 | |a bib_10032_1906_1907_baixa.pdf | ||
| 900 | |a bib_10033_1909_baixa.pdf | ||
| 900 | |a bib_10034_1909_baixa.pdf | ||
| 900 | |a bib_10035_1910_1911_baixa.pdf | ||